戦後の日本歴代総理大臣 - Statistics

General Stats
  • This quiz has been taken 181 times
  • The average score is 36 of 58
Answer Stats
総理大臣 在任期間 % Correct
100 岸田文雄 2021/10/4~
97%
98 安倍晋三 2017/11/11~2020/09/16
96%
99 菅義偉 2020/9/16~2021/10/4
95%
97 安倍晋三 2014/12/24~2017/11/11
88%
96 安倍晋三 2012/12/26~2014/12/24
87%
95 野田佳彦 2011/09/02~2012/12/26
83%
94 菅直人 2010/06/08~2011/09/02
83%
93 鳩山由紀夫 2009/09/16~2010/06/08
83%
92 麻生太郎 2008/09/24~2009/09/16
83%
90 安倍晋三 2006/09/26~2007/09/26
77%
89 小泉純一郎 2005/09/21~2006/09/26
75%
88 小泉純一郎 2003/11/19~2005/09/21
74%
91 福田康夫 2007/09/26~2008/09/24
73%
87 小泉純一郎 2001/04/26~2003/11/19
73%
86 森喜朗 2000/07/04~2001/04/26
68%
85 森喜朗 2000/04/05~2000/07/04
66%
81 村山富市 1994/06/30~1996/01/11
66%
84 小渕恵三 1998/07/30~2000/04/05
64%
83 橋本龍太郎 1996/11/07~1998/07/30
64%
82 橋本龍太郎 1996/01/11~1996/11/07
63%
80 羽田孜 1994/04/28~1994/06/30
62%
64 田中角栄 1972/07/07~1972/12/22
62%
65 田中角栄 1972/12/22~1974/12/09
61%
63 佐藤栄作 1970/01/14~1972/07/07
60%
62 佐藤栄作 1967/02/17~1970/01/14
60%
61 佐藤栄作 1964/11/09~1967/02/17
60%
74 竹下登 1987/11/06~1989/06/03
59%
49 吉田茂 1949/02/16~1952/10/30
59%
48 吉田茂 1948/10/15~1949/02/16
59%
73 中曽根康弘 1986/07/22~1987/11/06
58%
72 中曽根康弘 1983/12/27~1986/07/22
58%
50 吉田茂 1952/10/30~1953/05/21
58%
67 福田赳夫 1976/12/24~1978/12/07
57%
43 東久邇宮稔彦 1945/08/17~1945/10/09
57%
71 中曽根康弘 1982/11/27~1983/12/27
56%
51 吉田茂 1953/05/21~1954/12/10
55%
68 大平正芳 1978/12/07~1979/11/09
54%
66 三木武夫 1974/12/09~1976/12/24
54%
60 池田勇人 1963/12/09~1964/11/09
54%
59 池田勇人 1960/12/08~1963/12/09
54%
58 池田勇人 1960/07/19~1960/12/08
54%
57 岸信介 1958/06/12~1960/07/19
54%
56 岸信介 1957/02/25~1958/06/12
54%
54 鳩山一郎 1955/11/22~1956/12/23
54%
69 大平正芳 1979/11/09~1980/06/12
53%
45 吉田茂 1946/05/22~1947/05/24
53%
77 海部俊樹 1990/02/28~1991/11/05
52%
76 海部俊樹 1989/08/10~1990/02/28
52%
75 宇野宗佑 1989/06/03~1989/08/10
52%
53 鳩山一郎 1955/03/19~1955/11/22
52%
52 鳩山一郎 1954/12/10~1955/03/19
52%
79 細川護煕 1993/08/09~1994/04/28
50%
78 宮澤喜一 1991/11/05~1993/08/09
49%
70 鈴木善幸 1980/07/17~1982/11/27
49%
47 芦田均 1948/03/10~1948/10/05
48%
44 幣原喜重郎 1945/10/09~1946/05/22
48%
55 石橋湛山 1956/12/23~1957/02/25
47%
46 片山哲 1947/05/22~1948/03/10
46%
No matching quizzes found
Score Distribution
Percent of People with Each Score
Percentile by Number Answered
Your Score History
You have not taken this quiz